| 000 | 00956naa a22002897u 4500 | ||
|---|---|---|---|
| 001 | 07939 | ||
| 003 | HDC | ||
| 007 | cr bn ---aaaaa | ||
| 008 | 090827s2010 flu | eng | ||
| 040 | _aHDC | ||
| 245 | 0 |
_aFENAROLI'S HANDBOOK OF Flavor Ingredients : _bD |
|
| 246 |
_aHandbook of flavor ingredients _aFlavor ingredients |
||
| 250 | _aSixth edition | ||
| 260 |
_aBoca Raton : _bCRC Press/Taylor & Francis Group, _c2010 |
||
| 300 | _a169 pages | ||
| 336 |
_atext _2rdacontent |
||
| 337 |
_acomputer _2rdamedia |
||
| 338 |
_aonline resource _2rdacarrier |
||
| 500 | _aOriginal from book | ||
| 650 |
_aFlavoring Agents _xstandards _98468 |
||
| 650 |
_aFlavoring essences _95411 |
||
| 650 |
_aOdors _98469 |
||
| 856 | _zRequest full-text at [email protected] | ||
| 942 | _2lcc | ||
| 942 | _cCHAP | ||
| 942 | _kEBCH 000714 | ||
| 999 |
_c5262 _d5262 |
||